[Event "BL 0708 SV Wattenscheid - Bindl-Aktionä"]
[Site "?"]
[Date "2007.12.09"]
[Round "6.2"]
[White "Rustemov, Alexander"]
[Black "Baklan, Vladimir"]
[Result "1/2-1/2"]
[WhiteElo "2552"]
[BlackElo "2639"]
[PlyCount "34"]
[EventDate "2007.??.??"]

1. Nf3 Nf6 2. c4 e6 3. g3 a6 4. Bg2 b5 5. b3 c5 6. O-O Bb7 7. Nc3 Qa5 8. Bb2
Be7 9. d3 O-O 10. e3 d6 11. a3 bxc4 12. bxc4 Nbd7 13. Qc2 Rab8 14. Rfb1 Bc6 15.
h3 Qc7 16. Bc1 Rxb1 17. Rxb1 Rb8 1/2-1/2

[Event "BL 0708 SV Wattenscheid - Bindl-Aktionä"]
[Site "?"]
[Date "2007.12.09"]
[Round "6.3"]
[White "Baramidze, David"]
[Black "Appel, Ralf"]
[Result "1/2-1/2"]
[WhiteElo "2569"]
[BlackElo "2529"]
[PlyCount "86"]
[EventDate "2007.??.??"]

1. e4 Nf6 2. e5 Nd5 3. c4 Nb6 4. d4 d6 5. exd6 exd6 6. Nc3 Be7 7. Bd3 O-O 8.
Nge2 Nc6 9. O-O Bf6 10. Be3 Nb4 11. Nf4 Nxd3 12. Qxd3 g6 13. b3 Bf5 14. Qd2 c6
15. h3 h5 16. a4 a5 17. d5 c5 18. Nfe2 h4 19. Nf4 Re8 20. Rae1 Qd7 21. Kh2 Re5
22. Nd1 Qc7 23. g4 hxg3+ 24. fxg3 Qe7 25. g4 Be4 26. Bf2 Nd7 27. Nc3 Bg5 28.
Bg3 Nf6 29. Qd1 Kg7 30. Ne6+ fxe6 31. Bxe5 exd5 32. Bg3 d4 33. Rxf6 dxc3 34.
Rf2 Bh4 35. Bxh4 Qxh4 36. Ref1 Qe7 37. Rf7+ Qxf7 38. Rxf7+ Kxf7 39. Qf1+ Kg8
40. Qe1 c2 41. Qxe4 c1=Q 42. Qxg6+ Kh8 43. Qf6+ Kg8 1/2-1/2

[Event "BL 0708 SV Wattenscheid - Bindl-Aktionä"]
[Site "?"]
[Date "2007.12.09"]
[Round "6.4"]
[White "Holzke, Frank Dr"]
[Black "Bindrich, Falko"]
[Result "1-0"]
[WhiteElo "2485"]
[BlackElo "2512"]
[PlyCount "101"]
[EventDate "2007.??.??"]

1. e4 e5 2. Nf3 Nc6 3. Bb5 a6 4. Ba4 Nf6 5. O-O Be7 6. Re1 b5 7. Bb3 d6 8. c3
O-O 9. h3 Nb8 10. d4 Nbd7 11. Nbd2 Bb7 12. Bc2 Re8 13. Nf1 Bf8 14. Ng3 g6 15.
a4 c5 16. d5 c4 17. Bg5 h6 18. Be3 Qc7 19. Qd2 h5 20. Bg5 Be7 21. Ra3 Nc5 22.
Nh2 Qd8 23. Bh6 Bf8 24. Bxf8 Rxf8 25. f4 exf4 26. Qxf4 Qe7 27. Nf3 Nfd7 28.
axb5 axb5 29. Rxa8 Rxa8 30. Nd4 Ne5 31. Rf1 Bc8 32. Nc6 Nxc6 33. dxc6 Ne6 34.
Qh6 Ng7 35. Ne2 b4 36. cxb4 Qc7 37. Nc3 Be6 38. Nd5 Bxd5 39. exd5 Ra2 40. Qe3
Rxb2 41. Qc3 Ra2 42. Qxc4 Qb6+ 43. Kh2 Ra7 44. Qf4 Qb5 45. Rc1 Qxd5 46. Be4 Qd4
47. c7 Rxc7 48. Rxc7 f5 49. Qh6 Qe5+ 50. Kh1 fxe4 51. Rxg7+ 1-0

[Event "BL 0708 SV Wattenscheid - Bindl-Aktionä"]
[Site "?"]
[Date "2007.12.09"]
[Round "6.6"]
[White "Dinstuhl, Volkmar Dr"]
[Black "Markos, Jan"]
[Result "1/2-1/2"]
[WhiteElo "2435"]
[BlackElo "2565"]
[PlyCount "80"]
[EventDate "2007.??.??"]

1. c4 Nf6 2. Nc3 e6 3. Nf3 Bb4 4. g3 O-O 5. Bg2 Nc6 6. O-O d5 7. cxd5 exd5 8.
d4 Re8 9. Bg5 Bxc3 10. bxc3 h6 11. Bxf6 Qxf6 12. Nd2 Bg4 13. Re1 Rad8 14. h3
Bf5 15. e4 dxe4 16. Nxe4 Qg6 17. Qf3 Na5 18. Qf4 Re7 19. g4 Bc8 20. Re2 Rde8
21. Rae1 Kf8 22. Bf3 b6 23. Ng3 Qd6 24. Qd2 Rxe2 25. Rxe2 Rxe2 26. Qxe2 Qe6 27.
Qc2 g6 28. Kg2 Nc4 29. Ne2 a5 30. Nf4 Qd6 31. Qe2 Qxf4 32. Qxc4 h5 33. Qe2 hxg4
34. hxg4 Be6 35. a3 Qd6 36. Qe5 Qxe5 37. dxe5 g5 38. Kg3 Ke7 39. Be2 Bd7 40. f4
gxf4+ 1/2-1/2

[Event "BL 0708 SV Wattenscheid - Bindl-Aktionä"]
[Site "?"]
[Date "2007.12.09"]
[Round "6.7"]
[White "Stohl, Igor Dr"]
[Black "Straeter, Timo"]
[Result "1-0"]
[WhiteElo "2545"]
[BlackElo "2325"]
[PlyCount "105"]
[EventDate "2007.??.??"]

1. d4 f5 2. g3 Nf6 3. Bg2 e6 4. c4 Bb4+ 5. Nd2 Nc6 6. a3 Bxd2+ 7. Qxd2 O-O 8.
b3 d6 9. Bb2 Qe7 10. d5 Nd8 11. dxe6 Nxe6 12. Nh3 Bd7 13. Qc2 Ne4 14. b4 Rae8
15. O-O N4g5 16. Nxg5 Nxg5 17. Bc1 f4 18. Bxf4 Nh3+ 19. Bxh3 Bxh3 20. Rfe1 Qf7
21. f3 h6 22. Qd3 Be6 23. Rac1 Qh5 24. g4 Qh3 25. Bg3 h5 26. gxh5 Rf5 27. Kf2
Qxh5 28. Rg1 Kh8 29. c5 dxc5 30. Bxc7 Qh4+ 31. Bg3 c4 32. Bxh4 cxd3 33. e4 Rh5
34. Bg3 b5 35. Rc7 Rd8 36. Ke3 Bb3 37. Rg2 a6 38. Rd2 Bc4 39. a4 Rh6 40. a5 Re6
41. Rb7 Rf8 42. Rb6 Ref6 43. Rf2 Rd8 44. Be5 Re6 45. Rxe6 Bxe6 46. Rg2 Rd7 47.
Rxg7 Rxg7 48. Kxd3 Bh3 49. Kd4 Bg2 50. Kc5 Bxf3 51. Kb6 Kg8 52. Bxg7 Kxg7 53.
Kxa6 1-0

[Event "BL 0708 SV Wattenscheid - Bindl-Aktionä"]
[Site "?"]
[Date "2007.12.09"]
[Round "6.8"]
[White "Thiel, Thomas"]
[Black "Schneider, Ilja"]
[Result "1/2-1/2"]
[WhiteElo "2283"]
[BlackElo "2442"]
[PlyCount "43"]
[EventDate "2007.??.??"]

1. e4 c5 2. Nc3 Nc6 3. Bb5 Nd4 4. Bc4 Nf6 5. Nf3 e6 6. O-O a6 7. d3 b5 8. Bb3
Nxb3 9. axb3 Bb7 10. e5 b4 11. Na4 Nd5 12. d4 cxd4 13. Qxd4 Qc7 14. c3 bxc3 15.
bxc3 Ne7 16. Rd1 Bxf3 17. gxf3 Nc6 18. Qc4 d5 19. exd6 Bxd6 20. Kg2 O-O 21.
Rxd6 Qxd6 22. Ba3 1/2-1/2

[Event "BL 0708 SV Mülheim Nord - TV Tegernsee"]
[Site "?"]
[Date "2007.12.09"]
[Round "6.5"]
[White "Rozentalis, Eduardas"]
[Black "Levin, Felix"]
[Result "1/2-1/2"]
[WhiteElo "2581"]
[BlackElo "2552"]
[PlyCount "64"]
[EventDate "2007.??.??"]

1. e4 e5 2. Nf3 Nc6 3. Bb5 Nf6 4. d3 Bc5 5. O-O Nd4 6. Nxd4 Bxd4 7. Nd2 c6 8.
Ba4 d6 9. h3 Bb6 10. Nf3 h6 11. c3 O-O 12. Re1 Nh5 13. d4 Qf6 14. Nxe5 dxe5 15.
Qxh5 exd4 16. e5 Qf5 17. Qh4 dxc3 18. bxc3 Re8 19. Qf4 Ba5 20. Qg3 Re6 21. Re3
Rg6 22. Qf3 Bb6 23. Rd3 Qxe5 24. Bf4 Qe7 25. Bg3 Be6 26. Re1 Qa3 27. Bc2 Rf6
28. Qd1 Bf5 29. Rd2 Bxc2 30. Qxc2 Qc5 31. Re5 Qf8 32. Qe4 Bc7 1/2-1/2

[Event "BL 0708 SV Mülheim Nord - TV Tegernsee"]
[Site "?"]
[Date "2007.12.09"]
[Round "6.6"]
[White "Saltaev, Mihail"]
[Black "Bromberger, Stefan"]
[Result "0-1"]
[WhiteElo "2511"]
[BlackElo "2491"]
[PlyCount "75"]
[EventDate "2007.??.??"]

1. e4 e6 2. d4 d5 3. e5 c5 4. c3 Nc6 5. Nf3 Qb6 6. a3 Bd7 7. b4 cxd4 8. cxd4
Rc8 9. Be2 Nge7 10. Bb2 Nf5 11. g4 Nfe7 12. Nc3 h5 13. Na4 Qd8 14. Nc5 Ng6 15.
gxh5 Rxh5 16. Nxb7 Qc7 17. Nc5 Bxc5 18. bxc5 Rb8 19. Bc3 Nf4 20. Qd2 Nxe2 21.
Kxe2 Ne7 22. Rhb1 Bb5+ 23. Ke1 Rh3 24. Qf4 Nf5 25. Kd2 Qd8 26. Qg4 Rxf3 27.
Qxf3 Qg5+ 28. Kc2 Ba4+ 29. Kd3 Bb3 30. Bd2 Qg6 31. Kc3 Ne3 32. Rb2 Nc4 33. Raa2
Qg1 34. Rxb3 Rxb3+ 35. Kxb3 Qb1+ 36. Ka4 Qxa2 37. Bb4 a6 38. Qc3 0-1

[Event "BL 0708 SV Mülheim Nord - TV Tegernsee"]
[Site "?"]
[Date "2007.12.09"]
[Round "6.7"]
[White "Boensch, Uwe"]
[Black "Hausrath, Daniel"]
[Result "1-0"]
[WhiteElo "2530"]
[BlackElo "2499"]
[PlyCount "63"]
[EventDate "2007.??.??"]

1. d4 Nf6 2. c4 g6 3. Nc3 Bg7 4. e4 d6 5. Be2 O-O 6. Nf3 c5 7. O-O Nc6 8. d5
Na5 9. Bf4 Nh5 10. Bd2 e5 11. g3 Bh3 12. Re1 h6 13. b3 b6 14. Kh1 Nf6 15. Ng1
Bd7 16. Rc1 Nb7 17. f3 a6 18. a4 Nh7 19. Bd3 f5 20. Qc2 Qc8 21. f4 exf4 22.
gxf4 Qc7 23. Nf3 Rae8 24. Rg1 fxe4 25. Nxe4 Bf5 26. Nh4 Bxe4+ 27. Bxe4 Qe7 28.
Bxg6 Qxh4 29. Bxh7+ Kh8 30. Rxg7 Re2 31. Rg8+ Rxg8 32. Bc3+ 1-0

[Event "BL 0708 SF Katernberg - SC Eppingen"]
[Site "?"]
[Date "2007.12.09"]
[Round "6.3"]
[White "Guliyev, Namig"]
[Black "Postny, Evgeny"]
[Result "1/2-1/2"]
[WhiteElo "2560"]
[BlackElo "2599"]
[PlyCount "141"]
[EventDate "2007.??.??"]

1. e4 e5 2. Nf3 Nc6 3. Bb5 a6 4. Ba4 Nf6 5. O-O Be7 6. d3 b5 7. Bb3 d6 8. a4 b4
9. a5 O-O 10. h3 Rb8 11. Nbd2 Be6 12. Nc4 Nd7 13. Be3 Bf6 14. Ba4 Nd4 15. c3
Nxf3+ 16. Qxf3 Bg5 17. Bc6 Bxc4 18. dxc4 Bxe3 19. Qxe3 Nc5 20. f4 bxc3 21. bxc3
exf4 22. Rxf4 Nd7 23. Bxd7 Qxd7 24. c5 dxc5 25. Qxc5 Rb5 26. Qa7 Qc6 27. Qd4
Re8 28. Rg4 f6 29. Rf1 Rbe5 30. Rf5 h5 31. Rgf4 Rxe4 32. Rxe4 Qxe4 33. Rxh5
Qxd4+ 34. cxd4 Rd8 35. Rc5 Rxd4 36. Kf2 Rd3 37. Rxc7 Rd5 38. Kf3 Rxa5 39. Ra7
Kh7 40. h4 Kg6 41. g4 Ra3+ 42. Kf4 Ra4+ 43. Kg3 a5 44. Ra8 Ra3+ 45. Kf4 Ra1 46.
Ra6 a4 47. Ra5 a3 48. Kg3 Kh7 49. Kg2 g6 50. h5 gxh5 51. Rxh5+ Kg6 52. Ra5 Kf7
53. Ra6 Ke7 54. Kh2 a2 55. Kg2 Kd7 56. Kh2 Kc7 57. g5 fxg5 58. Kg2 Kb7 59. Ra3
Kc6 60. Ra8 Kd5 61. Rd8+ Kc4 62. Rc8+ Kb3 63. Rb8+ Kc2 64. Rc8+ Kd3 65. Rd8+
Ke3 66. Re8+ Kf4 67. Ra8 Kf5 68. Ra5+ Kg6 69. Ra8 Kh5 70. Rh8+ Kg4 71. Ra8
1/2-1/2

[Event "BL 0708 SF Katernberg - SC Eppingen"]
[Site "?"]
[Date "2007.12.09"]
[Round "6.5"]
[White "Vogt, Lothar"]
[Black "Chuchelov, Vladimir"]
[Result "1-0"]
[WhiteElo "2473"]
[BlackElo "2544"]
[PlyCount "147"]
[EventDate "2007.??.??"]

1. e4 c5 2. Nf3 d6 3. d4 cxd4 4. Qxd4 Nc6 5. Bb5 Bd7 6. Bxc6 Bxc6 7. Nc3 Nf6 8.
Bg5 e6 9. O-O-O Be7 10. Kb1 O-O 11. Qd3 Qa5 12. h4 Rfd8 13. Nd4 Be8 14. f4 Rac8
15. f5 Bd7 16. g4 Qa6 17. Qxa6 bxa6 18. Rhg1 Rc4 19. Nf3 Rb8 20. Rd3 Bc6 21.
Nd2 Rcb4 22. b3 Kf8 23. a3 R4b7 24. Bf4 e5 25. Be3 h5 26. g5 Ng4 27. Rd1 Bb5
28. Nxb5 axb5 29. Nf1 Ke8 30. Ng3 g6 31. f6 Bd8 32. Bg1 Bc7 33. Ne2 Rc8 34. Nc3
Bb8 35. Kb2 Kd7 36. Nd5 Ke6 37. Rc3 Kd7 38. Rxc8 Kxc8 39. Kc3 a5 40. b4 a4 41.
Kd3 Ba7 42. Bxa7 Rxa7 43. Rd2 Kd7 44. c4 Kc6 45. Rc2 bxc4+ 46. Kxc4 Rb7 47. Rb2
Rb8 48. b5+ Kb7 49. Kd3 Rc8 50. Rc2 Rxc2 51. Kxc2 Nh2 52. Ne7 Nf3 53. Nxg6 fxg6
54. Kd3 Nd4 55. Kc4 Kc7 56. b6+ Kd7 57. b7 Nc6 58. Kb5 Nb8 59. Kxa4 Kc7 60. Kb5
Kxb7 61. a4 Kc7 62. a5 Kd7 63. a6 Nxa6 64. Kxa6 d5 65. exd5 e4 66. f7 Ke7 67.
d6+ Kxf7 68. Kb7 e3 69. d7 e2 70. d8=Q e1=Q 71. Qf6+ Ke8 72. Qxg6+ Kd7 73. Qf7+
Kd8 74. Qxh5 1-0

[Event "BL 0708 SF Katernberg - SC Eppingen"]
[Site "?"]
[Date "2007.12.09"]
[Round "6.6"]
[White "Firman, Nazar"]
[Black "Meinhardt, Maximillian"]
[Result "1/2-1/2"]
[WhiteElo "2526"]
[BlackElo "2390"]
[PlyCount "131"]
[EventDate "2007.??.??"]

1. d4 e6 2. c4 d5 3. Nc3 c5 4. e3 Nf6 5. Nf3 a6 6. cxd5 exd5 7. Bd3 Nc6 8. h3
Bd6 9. O-O O-O 10. a3 cxd4 11. exd4 h6 12. Re1 Be6 13. b4 a5 14. b5 Ne7 15. Na4
Rc8 16. Nc5 Bxc5 17. dxc5 Ne4 18. Nd4 Nxc5 19. Bc2 Bd7 20. Bb2 Ng6 21. Nf5 Qg5
22. Qg4 Ne4 23. Bxe4 dxe4 24. Qxg5 hxg5 25. Nd6 Rc2 26. Bc1 f5 27. Bxg5 Ne5 28.
Rec1 Rxc1+ 29. Rxc1 Nf7 30. Rc7 Be6 31. Nxf7 Rxf7 32. b6 Rxc7 33. bxc7 Kf7 34.
Bd2 a4 35. Kh2 Ke7 36. Kg3 Kd7 37. Bf4 b5 38. Kh4 Ke7 39. Kg5 Kf7 40. Be5 Bc8
41. Kf4 g6 42. Ke3 Ke6 43. Kd4 b4 44. axb4 a3 45. Bg7 Kd6 46. h4 a2 47. Ke3
Kxc7 48. Kf4 Kd6 49. Kg5 Ke6 50. b5 Kf7 51. Bc3 Bd7 52. b6 Bc6 53. g3 Bb7 54.
h5 gxh5 55. Kxf5 Ke7 56. Kg5 Kd6 57. Kxh5 Kc5 58. Kg5 Kxb6 59. Kf6 Kc5 60. Ke5
Kc4 61. Bd4 Kd3 62. g4 e3 63. fxe3 a1=Q 64. Bxa1 Kxe3 65. g5 Be4 66. Kf6
1/2-1/2

[Event "BL 0708 SF Katernberg - SC Eppingen"]
[Site "?"]
[Date "2007.12.09"]
[Round "6.7"]
[White "Miltner, Arndt"]
[Black "Senff, Martin"]
[Result "0-1"]
[WhiteElo "2363"]
[BlackElo "2474"]
[PlyCount "66"]
[EventDate "2007.??.??"]

1. Nf3 d5 2. e3 Nf6 3. c4 e6 4. b3 Be7 5. Bb2 O-O 6. g3 c5 7. Bg2 Nc6 8. O-O d4
9. exd4 cxd4 10. Re1 Ne8 11. d3 f6 12. a3 a5 13. Nbd2 Nc7 14. Rb1 Na6 15. Nh4
f5 16. Bxc6 bxc6 17. Nhf3 c5 18. Ne5 Bb7 19. Qe2 Qc7 20. Ndf3 f4 21. Bc1 fxg3
22. fxg3 Rae8 23. Bf4 Bd6 24. Rf1 Ba8 25. h4 Nb8 26. Kh2 Rf5 27. Rbe1 Nd7 28.
Nxd7 Bxf4 29. Nfe5 Be3 30. Qg4 Qb7 31. Qh3 Qxb3 32. Rxe3 dxe3 33. Rxf5 Qb2+ 0-1

[Event "BL 0708 SF Katernberg - SC Eppingen"]
[Site "?"]
[Date "2007.12.09"]
[Round "6.8"]
[White "Ris, Robert"]
[Black "Schulze, Ulrich"]
[Result "1-0"]
[WhiteElo "2381"]
[BlackElo "2309"]
[PlyCount "101"]
[EventDate "2007.??.??"]

1. e4 c5 2. Nf3 Nc6 3. d4 cxd4 4. Nxd4 Nf6 5. Nc3 e5 6. Ndb5 d6 7. Bg5 a6 8.
Na3 b5 9. Nd5 Be7 10. Bxf6 Bxf6 11. c3 O-O 12. Nc2 Bg5 13. a4 bxa4 14. Rxa4 a5
15. Bc4 Bd7 16. b3 Ne7 17. Ra3 Nxd5 18. Qxd5 Bc1 19. Ra2 Qg5 20. O-O Be6 21.
Qd3 Bxc4 22. Qxc4 Qd2 23. Nb4 axb4 24. Rxd2 Bxd2 25. Qxb4 Rab8 26. Qxd6 Bxc3
27. Qd5 Rfd8 28. Qc4 Rdc8 29. Qa6 h6 30. g3 Bd4 31. Kg2 Rc2 32. Kh3 Rxb3 33. f3
Rbb2 34. Kg4 Rb6 35. Qa8+ Kh7 36. Kh3 h5 37. Rh1 Rbb2 38. Qe8 Bg1 39. Kh4 Rxh2+
40. Rxh2 Rxh2+ 41. Kg5 f6+ 42. Kf5 Rh3 43. Qg6+ Kg8 44. Qe8+ Kh7 45. Qg6+ Kg8
46. Ke6 Bc5 47. f4 exf4 48. gxf4 Ra3 49. Qf7+ Kh7 50. Qxh5+ Kg8 51. Qxc5 1-0

[Event "BL 0708 SV Wattenscheid - Solinger SG"]
[Site "?"]
[Date "2007.10.20"]
[Round "7.4"]
[White "Bartel, Mateusz"]
[Black "Sandipan, Chanda"]
[Result "0-1"]
[WhiteElo "2609"]
[BlackElo "2563"]
[PlyCount "82"]
[EventDate "2007.??.??"]

1. e4 c5 2. Nf3 d6 3. Nc3 Nf6 4. e5 dxe5 5. Nxe5 Nbd7 6. Nc4 e6 7. g3 Nb6 8.
Ne3 Bd7 9. Bg2 Qc7 10. a4 Bc6 11. a5 Nc4 12. Bxc6+ Qxc6 13. O-O Nd6 14. d3 Be7
15. Bd2 O-O 16. Qe2 b5 17. f3 Rfe8 18. Ng4 Nxg4 19. fxg4 c4 20. Na2 Nb7 21. Nb4
Bc5+ 22. d4 Bxd4+ 23. Be3 Qe4 24. Rae1 Bxb2 25. Qf2 Qg6 26. Rb1 Bc3 27. Na6
Rac8 28. Bxa7 e5 29. Rxb5 Nd6 30. Rd5 Ne4 31. Qb6 Nf6 32. Rxf6 gxf6 33. Qf2 f5
34. Bb6 Qxg4 35. h3 Qg6 36. Nc7 Rxc7 37. Bxc7 Qc6 38. Qf3 Bd4+ 39. Kg2 Qxc7 40.
Qxf5 Qc6 41. Qf3 Qg6 0-1

[Event "BL 0708 SV Wattenscheid - Solinger SG"]
[Site "?"]
[Date "2007.10.20"]
[Round "7.5"]
[White "Naumann, Alexander"]
[Black "Czarnota, Pawel"]
[Result "1/2-1/2"]
[WhiteElo "2550"]
[BlackElo "2575"]
[PlyCount "28"]
[EventDate "2007.??.??"]

1. e4 c5 2. Nf3 d6 3. d4 cxd4 4. Nxd4 Nf6 5. Nc3 Nc6 6. Bc4 e6 7. Be3 Be7 8.
Bb3 O-O 9. O-O Nxd4 10. Bxd4 b5 11. e5 dxe5 12. Bxe5 b4 13. Qxd8 Rxd8 14. Na4
Ba6 1/2-1/2

[Event "BL 0708 SV Wattenscheid - Solinger SG"]
[Site "?"]
[Date "2007.10.20"]
[Round "7.8"]
[White "Handke, Florian"]
[Black "Wegerle, Joerg"]
[Result "1/2-1/2"]
[WhiteElo "2497"]
[BlackElo "2417"]
[PlyCount "37"]
[EventDate "2007.??.??"]

1. e4 c5 2. Nf3 e6 3. Nc3 a6 4. g3 b5 5. Bg2 Bb7 6. d3 Be7 7. O-O d6 8. Bd2 Nc6
9. a4 b4 10. Ne2 Nf6 11. c3 bxc3 12. Nxc3 O-O 13. h3 Rb8 14. Be3 Ba8 15. Rb1
Rb4 16. Na2 Rb8 17. Nc3 Rb4 18. Na2 Rb8 19. Nc3 1/2-1/2

[Event "BL 0708 SF Katernberg - SV Mülheim Nord"]
[Site "?"]
[Date "2007.11.23"]
[Round "7.1"]
[White "Fridman, Daniel"]
[Black "L'Ami, Erwin"]
[Result "1-0"]
[WhiteElo "2621"]
[BlackElo "2577"]
[PlyCount "75"]
[EventDate "2007.??.??"]

1. d4 Nf6 2. c4 g6 3. Nc3 d5 4. Nf3 Bg7 5. Bf4 dxc4 6. e4 Bg4 7. Bxc4 O-O 8.
Be2 Nfd7 9. O-O Nc6 10. Be3 Nb6 11. d5 Bxf3 12. gxf3 Ne5 13. Qb3 c6 14. f4 Ned7
15. Rfd1 Qe8 16. a4 cxd5 17. a5 d4 18. Bxd4 Bxd4 19. Rxd4 Nc8 20. e5 a6 21. Qd5
Nb8 22. Qxb7 Nc6 23. Rc4 N8a7 24. Bf3 Rc8 25. Qxa6 Qd7 26. Rd1 Qe6 27. Bg2 Nxa5
28. Qxe6 fxe6 29. Ra4 N7c6 30. Bh3 Rb8 31. Bxe6+ Kg7 32. Nd5 Nb3 33. Bd7 Nd8
34. Nxe7 Nc5 35. Rc4 Nde6 36. b4 Nxd7 37. Rxd7 Rf7 38. f5 1-0

[Event "BL 0708 SF Katernberg - SV Mülheim Nord"]
[Site "?"]
[Date "2007.11.23"]
[Round "7.4"]
[White "Halkias, Stelios"]
[Black "Potkin, Vladimir"]
[Result "0-1"]
[WhiteElo "2590"]
[BlackElo "2612"]
[PlyCount "108"]
[EventDate "2007.??.??"]

1. d4 d5 2. c4 c6 3. Nc3 Nf6 4. Nf3 e6 5. Bg5 h6 6. Bxf6 Qxf6 7. e3 Nd7 8. Bd3
dxc4 9. Bxc4 g6 10. O-O Bg7 11. Qc2 O-O 12. Bb3 Qe7 13. Ne4 e5 14. Nc3 Kh7 15.
Rad1 Re8 16. d5 Nc5 17. d6 Qd7 18. Nd5 e4 19. Ne1 cxd5 20. Qxc5 d4 21. exd4 Rd8
22. Nc2 f5 23. Ne3 b6 24. Qd5 Bb7 25. Qe6 Qxe6 26. Bxe6 Rxd6 27. d5 Ba6 28. Rc1
Bxf1 29. Kxf1 Re8 30. Rc7 a6 31. Bf7 Red8 32. Nc4 R6d7 33. Rxd7 Rxd7 34. Be6
Rd8 35. b3 Bd4 36. f3 exf3 37. gxf3 Kg7 38. Ke2 Kf6 39. Kd3 Bg1 40. h3 Re8 41.
a3 g5 42. a4 h5 43. f4 g4 44. hxg4 fxg4 45. Ne5 Rxe6 46. dxe6 Bc5 47. Ke4 Kxe6
48. f5+ Ke7 49. Ng6+ Kf6 50. Nf4 h4 51. a5 bxa5 52. Nh5+ Kg5 53. Ng7 h3 54.
Ne6+ Kf6 0-1

[Event "BL 0708 SF Katernberg - SV Mülheim Nord"]
[Site "?"]
[Date "2007.11.23"]
[Round "7.5"]
[White "Golod, Vitali"]
[Black "Firman, Nazar"]
[Result "1/2-1/2"]
[WhiteElo "2586"]
[BlackElo "2526"]
[PlyCount "113"]
[EventDate "2007.??.??"]

1. d4 e6 2. c4 Nf6 3. Nc3 Bb4 4. Qc2 O-O 5. a3 Bxc3+ 6. Qxc3 b6 7. Bg5 Bb7 8.
e3 d6 9. Ne2 Nbd7 10. Qc2 h6 11. Bh4 Qe7 12. Nc3 c5 13. Rd1 cxd4 14. Rxd4 Rfd8
15. Be2 g5 16. Bg3 e5 17. Rd2 Bxg2 18. Rg1 Bh3 19. f4 exf4 20. exf4 Qe3 21. Bf2
Qxf4 22. Rd4 Bf5 23. Rxf4 Bxc2 24. Bd4 Nh7 25. Rh4 Ndf8 26. Kd2 Bg6 27. Nd5 f6
28. Rxh6 Kg7 29. Rh3 Ne6 30. Bc3 Rf8 31. b4 a5 32. b5 Nc5 33. Bd4 Rae8 34. Nxb6
Re4 35. Bxc5 dxc5 36. Re3 Rh4 37. Na4 f5 38. Nxc5 f4 39. Re7+ Kh6 40. Ne6 Rb8
41. Rg2 f3 42. Bxf3 Rxc4 43. Rc7 Ra4 44. Rc5 Rxa3 45. Bc6 a4 46. Kc1 Re3 47.
Nd4 a3 48. Nc2 Rh3 49. Rg3 Rxh2 50. Rxa3 Nf6 51. Ra8 Rxa8 52. Bxa8 Nd7 53. Rc3
Rxc2+ 54. Rxc2 Bxc2 55. Kxc2 g4 56. Bc6 g3 57. Kd2 1/2-1/2

[Event "BL 0708 SF Katernberg - SV Mülheim Nord"]
[Site "?"]
[Date "2007.11.23"]
[Round "7.7"]
[White "Malakhatko, Vadim"]
[Black "Senff, Martin"]
[Result "1/2-1/2"]
[WhiteElo "2596"]
[BlackElo "2474"]
[PlyCount "98"]
[EventDate "2007.??.??"]

1. d4 d5 2. c4 e6 3. Nc3 Be7 4. Nf3 Nf6 5. Bg5 h6 6. Bh4 O-O 7. e3 Ne4 8. Bxe7
Qxe7 9. cxd5 Nxc3 10. bxc3 exd5 11. c4 Be6 12. Qb3 Rd8 13. c5 b6 14. Rc1 bxc5
15. Qa3 Nd7 16. Bb5 Rab8 17. Bxd7 Bxd7 18. O-O Bb5 19. Rfe1 Bc4 20. Ne5 Qd6 21.
Qxa7 Ra8 22. Qxc5 Qxc5 23. dxc5 Rxa2 24. Nc6 Rda8 25. Nd4 Kf8 26. h4 R8a5 27.
c6 g6 28. h5 gxh5 29. Rb1 Ke7 30. Rb7 Kd6 31. Reb1 Bd3 32. R1b2 Ra1+ 33. Kh2
Ra8 34. Rb8 h4 35. Rxa8 Rxa8 36. Rd2 Be4 37. f3 Bg6 38. Kh3 Re8 39. Re2 Bd3 40.
Re1 f5 41. g3 hxg3 42. Kxg3 Ke5 43. Rh1 f4+ 44. Kf2 Bg6 45. Rxh6 fxe3+ 46. Kxe3
Kf6+ 47. Kf4 Rb8 48. Ke3 Re8+ 49. Kf4 Rb8 1/2-1/2

[Event "BL 0708 SF Katernberg - SV Mülheim Nord"]
[Site "?"]
[Date "2007.11.23"]
[Round "7.8"]
[White "Souleidis, Georgios"]
[Black "Saltaev, Mihail"]
[Result "1/2-1/2"]
[WhiteElo "2421"]
[BlackElo "2511"]
[PlyCount "84"]
[EventDate "2007.??.??"]

1. e4 c6 2. d4 d5 3. e5 Bf5 4. h4 Qb6 5. g4 Bd7 6. c4 h5 7. g5 Bg4 8. f3 Bf5 9.
c5 Qc7 10. Bd3 Bxd3 11. Qxd3 e6 12. a3 a5 13. Ne2 g6 14. Nbc3 Ne7 15. Ng3 Nd7
16. Kf2 Bg7 17. Be3 O-O 18. f4 a4 19. Qc2 Qa5 20. Bd2 Qa7 21. Nce2 Rfb8 22. Bb4
Nf8 23. Rac1 Qa6 24. Rhd1 Rc8 25. Qd3 Nf5 26. Nxf5 exf5 27. b3 Ne6 28. Qxa6
Rxa6 29. bxa4 Rxa4 30. Ke3 Bf8 31. Rb1 Rb8 32. Nc3 Ra6 33. a4 b6 34. cxb6 Raxb6
35. Bxf8 Kxf8 36. Rxb6 Rxb6 37. Rb1 Rxb1 38. Nxb1 Ke7 39. Nd2 Kd7 40. Nb3 Kc7
41. Kf3 Kb6 42. Ke3 Ka6 1/2-1/2

[Event "BL 0708 SC Kreuzberg - SK Zehlendorf"]
[Site "?"]
[Date "2007.12.07"]
[Round "7.1"]
[White "Predojevic, Borki"]
[Black "Sargissian, Gabriel"]
[Result "1/2-1/2"]
[WhiteElo "2645"]
[BlackElo "2673"]
[PlyCount "41"]
[EventDate "2007.??.??"]

1. e4 e5 2. Nf3 Nc6 3. Bc4 Bc5 4. c3 Nf6 5. d3 a6 6. Bb3 O-O 7. O-O d6 8. h3 h6
9. Nbd2 Ba7 10. Re1 Re8 11. Nf1 Be6 12. Bc2 d5 13. exd5 Bxd5 14. Ng3 Bc5 15. b4
Bf8 16. a4 b5 17. Be3 Qc8 18. Ne4 Nd7 19. Bb3 Bxb3 20. Qxb3 Qb7 21. Qd5 1/2-1/2

[Event "BL 0708 SC Kreuzberg - SK Zehlendorf"]
[Site "?"]
[Date "2007.12.07"]
[Round "7.2"]
[White "Socko, Bartosz"]
[Black "Maksimenko, Andrei"]
[Result "1-0"]
[WhiteElo "2646"]
[BlackElo "2505"]
[PlyCount "78"]
[EventDate "2007.??.??"]

1. e4 c5 2. Nf3 d6 3. d4 cxd4 4. Nxd4 Nf6 5. Nc3 a6 6. Be3 e5 7. Nb3 Be6 8. Qd2
Nbd7 9. O-O-O Be7 10. Kb1 b5 11. f4 Rb8 12. f5 Bc4 13. Bd3 a5 14. Qe2 a4 15.
Nc1 Bxd3 16. Qxd3 Qa5 17. g4 b4 18. Nd5 Nxd5 19. exd5 Qb5 20. Qd2 O-O 21. Qg2
Rfc8 22. g5 a3 23. b3 Rc3 24. Rhe1 Rbc8 25. Rd2 Bd8 26. g6 fxg6 27. fxg6 Nf6
28. gxh7+ Kh8 29. Rg1 Qb7 30. Bh6 R3c7 31. Qg6 Rf7 32. h4 Bb6 33. Rf1 Rcf8 34.
Rg2 Bd8 35. Nd3 Nxh7 36. Rxf7 Rxf7 37. Qxd6 Bxh4 38. Bc1 Bf6 39. Nxb4 Rd7 1-0

[Event "BL 0708 SC Kreuzberg - SK Zehlendorf"]
[Site "?"]
[Date "2007.12.07"]
[Round "7.4"]
[White "Luther, Thomas"]
[Black "Savchenko, Boris"]
[Result "1-0"]
[WhiteElo "2534"]
[BlackElo "2583"]
[PlyCount "105"]
[EventDate "2007.??.??"]

1. e4 c6 2. d4 d5 3. Nd2 dxe4 4. Nxe4 Bf5 5. Ng3 Bg6 6. h4 h6 7. Nf3 e6 8. Bd3
Bxd3 9. Qxd3 Nf6 10. Bd2 c5 11. Ne4 Nbd7 12. O-O-O Qc7 13. Nxf6+ Nxf6 14. Qb5+
Qd7 15. Qxd7+ Nxd7 16. d5 exd5 17. Rhe1+ Be7 18. Bc3 f6 19. Rxd5 Rd8 20. Red1
Nb8 21. Rxd8+ Bxd8 22. h5 Bc7 23. Nh4 Kf7 24. Nf5 Re8 25. g4 Re2 26. Re1 Rxe1+
27. Bxe1 Nc6 28. f3 g6 29. hxg6+ Kxg6 30. Bd2 Ne5 31. Nh4+ Kh7 32. Kd1 Nc4 33.
Bc1 Ne5 34. Ke2 Ng6 35. Nxg6 Kxg6 36. Kd3 f5 37. gxf5+ Kg7 38. Ke4 Bg3 39. f6+
Kg6 40. f7 Bd6 41. Kd5 Bf8 42. Ke6 h5 43. f4 h4 44. f5+ Kh5 45. Bf4 h3 46. Bd6
Bh6 47. a4 b6 48. b3 Kg5 49. f6 Kg6 50. Ke7 Kf5 51. c4 Kg5 52. Bh2 Kg6 53. f8=Q
1-0

[Event "BL 0708 SC Kreuzberg - SK Zehlendorf"]
[Site "?"]
[Date "2007.12.07"]
[Round "7.5"]
[White "Berczes, David"]
[Black "Tischbierek, Raj"]
[Result "1-0"]
[WhiteElo "2430"]
[BlackElo "2487"]
[PlyCount "71"]
[EventDate "2007.??.??"]

1. d4 d6 2. Nf3 Bg4 3. e4 Nf6 4. Nc3 e6 5. h3 Bh5 6. Qe2 c6 7. g4 Bg6 8. h4 h6
9. h5 Bh7 10. g5 hxg5 11. Nxg5 Bg8 12. Be3 Nbd7 13. d5 cxd5 14. exd5 e5 15. Bh3
Qa5 16. O-O-O O-O-O 17. Bf5 Kb8 18. Rh4 Nb6 19. Kb1 g6 20. b4 Na4 21. Rd3 Nxc3+
22. Rxc3 Nxd5 23. Qc4 Nxc3+ 24. Qxc3 Qa4 25. b5 Qxb5+ 26. Rb4 Qf1+ 27. Kb2 d5
28. Bd3 d4 29. Rxb7+ Kxb7 30. Be4+ Kb8 31. Qc6 Rd7 32. Qxd7 Qa6 33. Qe8+ Qc8
34. Qxe5+ Qc7 35. Bf4 Bd6 36. Qe8+ 1-0